Types of Angels by Picture - Statistics

General Stats
  • This quiz has been taken 27 times
  • The average score is 5 of 9
Answer Stats
Picture Answer % Correct
Seraph
87%
Archangel
83%
Guardian Angel
74%
Cherub
52%
Throne
43%
Dominion
35%
Power
26%
Principality
26%
Virtue
26%
No matching quizzes found
Score Distribution
Percent of People with Each Score
Percentile by Number Answered
Your Score History
You have not taken this quiz